Cuestiones de Actualidad Jurídica y Social en el Ecuador (Registro nro. 171462)
[ vista simple ]
| 000 -LEADER | |
|---|---|
| fixed length control field | 02616nam a22002657a 4500 |
| 007 - PHYSICAL DESCRIPTION FIXED FIELD--GENERAL INFORMATION | |
| fixed length control field | cr|||| |||| |
| 008 - FIXED-LENGTH DATA ELEMENTS--GENERAL INFORMATION | |
| fixed length control field | 220421s2020 ec |||||s|||| 00||0 spa d |
| 020 ## - INTERNATIONAL STANDARD BOOK NUMBER | |
| International Standard Book Number | 978-84-121751-4-1 |
| 035 ## - | |
| -- | 35560 |
| 040 ## - CATALOGING SOURCE | |
| Original cataloging agency | vLex |
| 090 ## - | |
| -- | 13226 |
| -- | 13226 |
| 100 1# - MAIN ENTRY--PERSONAL NAME | |
| Personal name | Calderón Tello, Lyonel |
| 245 10 - TITLE STATEMENT | |
| Title | Cuestiones de Actualidad Jurídica y Social en el Ecuador |
| Medium | [Recurso electrónico] / |
| Statement of responsibility, etc | Lyonel Calderón Tello |
| 256 ## - | |
| -- | Servicio en línea |
| 260 ## - PUBLICATION, DISTRIBUTION, ETC. (IMPRINT) | |
| Place of publication, distribution, etc | Barcelona: |
| Name of publisher, distributor, etc | J.M. Bosch Editor, |
| Date of publication, distribution, etc | 2020 |
| 300 ## - PHYSICAL DESCRIPTION | |
| Extent | 1 recurso electrónico |
| 500 ## - GENERAL NOTE | |
| General note | «El trabajo que se presenta constituye en gran parte, los resultados del I Curso de Investigación Jurídica (Dogmática Jurídica) para los Docentes e Investigadores, impartido en la Facultad de Jurisprudencia y Ciencias Sociales y Políticas de la Universidad de Guayaquil, en el primer ciclo del curso académico 2019-2020... En efecto, el trabajo constituye, por un lado, una recopilación de los trabajos que los docentes que participaron en el Curso presentaron a la ? nalización de este y que fuera elaborado con base en las recomendaciones metodológicas y dogmáticas puestas a consideración de los asistentes; por otro lado, en esta obra también se incluyen los trabajos de profesores y juristas de la localidad que en apoyo a la iniciativa han querido remitir alguno de sus trabajos. La obra está intitulada como «Cuestiones de Actualidad Jurídica y Social en el Ecuador», porque en ella encontrarán los lectores, atención a varios de los temas jurídicos y sociales que se debaten en el Ecuador. Las propuestas de los docentes se estructuran en torno a las diversas y variadas formas que existen para la atención de las diferentes materias, en algunos casos se presentan soluciones, en otros, el estado de la cuestión, en otros se expone el debate. También existen propuestas metodológicas. Lo importante está en destacar que se trata de un trabajo docente inédito e inspirador, que probablemente representa el nacimiento o renacimiento de la cultura investigativa dentro de nuestra Facultad...». |
| 506 1# - RESTRICTIONS ON ACCESS NOTE | |
| Terms governing access | Disponible solo en los productos indicados |
| Authorized users | vLex Global |
| -- | vLex Global (Academic Edition, excluding Law Schools) |
| -- | vLex Global (U.S. Academic Edition, Law Schools) |
| -- | vLex Global (U.S. Academic Edition, excluding Law Schools) |
| -- | vLex Global (Academic Edition, Law Schools) |
| 650 04 - SUBJECT ADDED ENTRY--TOPICAL TERM | |
| Topical term or geographic name as entry element | Derecho Público y Administrativo |
| Geographic subdivision | Ecuador |
| 650 04 - SUBJECT ADDED ENTRY--TOPICAL TERM | |
| Topical term or geographic name as entry element | Derecho Constitucional |
| Geographic subdivision | Ecuador |
| 740 0# - | |
| -- | vLex Libros (Servicio en línea) |
| 856 40 - LOCALIZACIÓN Y ACCESO ELECTRÓNICO | |
| Identificador Uniforme del Recurso (URI/URL) | https://app.vlex.com/#/sources/35560 |
| 942 ## - | |
| -- | RAA |
| 999 ## - | |
| -- | 171462 |
| -- | 171462 |
No hay ítems disponibles.